1919 : the year our world began /

Bibliographic Details
Main Author: Klingaman, William K.
Format: Book
Language:English
Published: New York : St. Martin's Press, [1987]
Edition:1st ed.
Subjects:

MARC

Tag First Indicator Second Indicator Subfields
LEADER 00000cam a22000008a 4500
001 in00000008514
005 20151003070012.0
008 870121s1987 nyuaf b 00110 eng
010 |a  87000077  
020 |a 0312005563 
035 |a (OCoLC)15162572 
035 |9 AAA0907AM 
040 |a DLC  |c DLC  |d m/c  |d TXA  |d UtOrBLW 
050 0 0 |a D723  |b .K54 1987 
082 0 |a 909.82/1  |2 19 
100 1 |a Klingaman, William K. 
245 1 0 |a 1919 :  |b the year our world began /  |c William K. Klingaman. 
250 |a 1st ed. 
264 1 |a New York :  |b St. Martin's Press,  |c [1987] 
264 4 |c ©1987 
300 |a xxv, 689 pages, 16 unnumbered pages of plates :  |b illustrations 
336 |a text  |b txt  |2 rdacontent 
337 |a unmediated  |b n  |2 rdamedia 
338 |a volume  |b nc  |2 rdacarrier 
500 |a "A Thomas Dunne book." 
504 |a Bibliography: pages [664]-670. 
500 |a Includes index. 
650 0 |a History, Modern  |y 20th century. 
999 |a MARS 
999 f f |s 25dda6bc-65ec-36c4-8ce9-aec616eee8c5  |i 64c8a634-ef60-30f0-9318-8fde8bf9b618  |t 0 
952 f f |p ric  |a Texas A&M University  |b Rellis Campus  |c Joint Library Facility  |d Remote Storage  |t 0  |e D723 .K54 1987  |h Library of Congress classification  |i unmediated -- volume  |m A14812613214 
998 f f |a D723 .K54 1987  |t 0  |l Remote Storage